Loading...
| Science - Biology | 0 | 4 | 2 | 1 | 30 | 81 | 105.75 | 0 | 4 |
| Philosophy | 0 | 2 | 0 | 0 | 20 | 112 | 122.50 | 0 | 2 |
| Science - Physics | 0 | 2 | 0 | 1 | 20 | 115 | 119.50 | 0 | 1 |
| Science - Chemistry | 0 | 2 | 0 | 0 | 20 | 122 | 127.00 | 0 | 0 |
| Fine Arts - Other Fine Arts | 1 | 0 | 0 | 0 | 15 | 48 | 48.00 | 1 | 1 |
| History - American History | 1 | 0 | 0 | 0 | 15 | 75 | 75.00 | 1 | 1 |
| History - European History | 1 | 0 | 0 | 0 | 15 | 58 | 58.00 | 0 | 1 |
| Pop Culture | 1 | 0 | 0 | 0 | 15 | 64 | 64.00 | 1 | 1 |
| Religion | 0 | 1 | 0 | 0 | 10 | 115 | 115.00 | 1 | 1 |
| Literature - British Literature | 0 | 1 | 0 | 0 | 10 | 108 | 108.00 | 0 | 1 |
| Social Science | 0 | 1 | 0 | 1 | 10 | 128 | 128.00 | 0 | 0 |